000 00620nam a2200229Ia 4500
003 OSt
005 20221007081146.0
006 a|||||r|||| 00| 0
007 ta
008 221006b |||||||| |||| 00| 0 eng d
024 _a13,161
037 _cTextual
040 _aFLL
_cFLL
_beng
041 _2eng
_aeng
082 _aV73:19:Z1, K8
100 _aFenwick Charles G.
245 0 _aForeign policy and international law
260 _aNew York
_bOceana Publications, Inc. New
_c1968
300 _a142p
_ccm.
942 _hV73:19:Z1, K8
_cTEXL
_2CC
999 _c1162227
_d1162227